Normal view
MARC view
- القصص الدينية
Entry Topical Term
001 - CONTROL NUMBER
- control field: 20997
003 - CONTROL NUMBER IDENTIFIER
- control field: JO-AjAnu
005 - DATE AND TIME OF LATEST TRANSACTION
- control field: 20230606073638.0
008 - FIXED-LENGTH DATA ELEMENTS
- fixed length control field: 230606|| aca||aabn | a|a d
040 ## - CATALOGING SOURCE
- Original cataloging agency: JO-AjAnu
- Transcribing agency: JO-AjAnu
150 ## - HEADING--TOPICAL TERM
- Topical term or geographic name entry element: القصص الدينية
670 ## - SOURCE DATA FOUND
- Source citation: Work cat.: (JO-AjAnu)10788: سعد، طه عبد الرؤوف ؛ م.مشارك: سعد حسن محمد علي, author 20996, 300قصة من قصص الصالحين والصالحات لتهذيب النفوس وترقيق القلوب